| 000 | 00608cam a2200229 4500 | ||
|---|---|---|---|
| 008 | 090401t1993 xxu||||| |||| 00| 0 eng d | ||
| 020 | _a0419189106 | ||
| 035 | _a(Sirsi) u68201 | ||
| 041 | _aeng | ||
| 041 | 0 | _aeng | |
| 050 | 0 | 4 | _a692.5 |
| 245 | 0 | 0 | _aSpon's architects' and builders' price book 1994 |
| 250 | _a119th ed. | ||
| 260 |
_aLondon _bE. and F. N. Spon _c1993 |
||
| 300 |
_axxii, 1074p. _c24cm. |
||
| 350 | _a59.5 | ||
| 651 | 4 |
_aUnited Kingdom _y |
|
| 690 | _aBUILT ENVIRONMENT-BUILDING COSTS | ||
| 700 | 2 |
_aDavis, Langdon and Everest _eEditor _91155 |
|
| 942 | _n0 | ||
| 948 | _c04/03/1997 | ||
| 999 |
_c95082 _d95082 |
||